Положение о Центральн. Комиссии по организации и распоряжению фондом им. В. И. Ленина помощи беспризорным детям

Доступно только в Электронных читальных залах Найти на картеНа карте
RUSMARC
00004456nac2a22002893x 450
0015e1de126-dca8-4846-8f42-5de202abea8a
00520221227231226.0
100##$a20221117u k y0rusy50 ca
1010#$arus
$amul
102##$aRU
105##$ay z |||||
2001#$aПоложение о Центральн. Комиссии по организации и распоряжению фондом им. В. И. Ленина помощи беспризорным детям
$j18.09.1926 - 21.06.1926
215##$a99 листов
251##$cДело
300##$aЗаголовок дела на папке: Положение о Центральной Комиссии по организации и распоряжению фондом им. В. И. Ленина помощи беспризорным детям
300##$aЧасть текста на языках народов СССР
300##$aНумерация в обратном порядке
300##$aЧасть текста машинописная и рукописная, часть - напечатана типографским способом
461#0$1001796d4672-8a00-4986-b488-6e42273792cc
$12001
$aЦЕНТРАЛЬНЫЙ ИСПОЛНИТЕЛЬНЫЙ КОМИТЕТ СССР (ЦИК СССР).
$1251
$cФонд
$1852
$gР
$j3316
462#0$1001e365b2fb-f374-4764-a068-dc9012f0aaee
$12001
$aДела Секретариата Президиума ЦИК Союза ССР за 1926 г.
$vД. 652
$1251
$cОпись
$1852
$j19
5171#$aПоложение о Центральной Комиссии по организации и распоряжению фондом им. В. И. Ленина помощи беспризорным детям
600#1$aЛенин
$bВ. И.
60101$3RU\NLR\AUTH\880357276
$aСССР
$bЦИК
60101$3RU\NLR\AUTH\8810187346
$aРСФСР
$bКомиссия по организации и распоряжению фондом им. Ленина для помощи беспризорным детям
801#0$aRU
$bGA_RF
801#1$aRU
$bГлавНИВЦ
$c20221117
$2rusmarc
801#2$aRU
$bПБ им. Б.Н. Ельцина
$c20221227
$gRCR
$2rusmarc
852##$aГА РФ
$j652
937##$d181798609
$hГАРФ
035##$aRuPRLIB51069986
856##$uhttp://readingroom.main.prlib.ru/item.aspx?id_node=n181798609&mode=full
Формат отображения